000 01119nam0a22002891 4500
001 rc\4060184
005 20250611074143.0
021 _aRU
_b[54-15158]
035 _a(NLR Aleph) 008112279
090 _a9311829
_c9311829
100 _a20130415d1954 |||y0rusy50 ca
101 0 _arus
102 _aRU
105 _aa z |||||
200 1 _aПереоборудование прицепных комбайнов для уборки крупяных, зернобобовых, технических культур и семенников трав
210 _aМосква
_cБ. и.
_d1954
215 _a56 с.
_cил.
_d20
225 1 _aВсесоюзное сельскохозяйственное общество
_vЛекция № 65
300 _aПеред загл. авт.: К.В. Манин, инж.
320 _aБиблиогр.: с. 49
606 _aКомбайны
_xПереоборудование
_2psbo
700 1 _aМанин
_bК.В.
_gКузьма Васильевич
801 0 _aRU
_bNLR
_gpsbo
801 1 _aRU
_bELAR
_2rusmarc
852 _aNLR
_jС20 Г-4/2510
942 _cBOOK
980 _aNB